| 000 | 00811nam a2200253 4500 | ||
|---|---|---|---|
| 001 | 32800 | ||
| 003 | AR-RoBPED | ||
| 005 | 20260529121011.0 | ||
| 008 | 260528e2017 ag a|||br|||| 000 1 spa d | ||
| 020 | _a9789502322995 | ||
| 040 | _aAR-RoBPED | ||
| 041 | _aspa | ||
| 100 |
_aNavone de Spalding, Susana _930957 |
||
| 245 | 1 |
_aNegrita y los gorriones / _cSusana Navone de Spalding; ilustraciones de Delia Contarbio |
|
| 260 |
_aBuenos Aires: _bEudeba, _c2017. |
||
| 300 |
_a24 p. _bil. |
||
| 490 | 0 |
_a(Los cuentos de Chiribitil ; _v5) |
|
| 650 | 4 |
_aLITERATURA ARGENTINA _915616 |
|
| 650 | 4 |
_aLITERATURA INFANTIL _9168 |
|
| 650 | 4 |
_aCUENTOS _9291 |
|
| 700 | 1 |
_aContarbio, Delia _927284 _eilust. |
|
| 942 |
_2udc _ak. 32800 _cBK _h860(82)-3 _kI _mN 31 _pinv. 42474 |
||
| 999 |
_c32800 _d32800 |
||